| 000 | 00749nam a2200229 a 4500 | ||
|---|---|---|---|
| 001 | 000022889 | ||
| 005 | 20200930021846.0 | ||
| 008 | 101122s1968 ve 000 0 spa d | ||
| 041 | 1 | 7 |
_aspa _hita _2Código de idiomas MARC |
| 082 |
_a853.91 _bS757h |
||
| 100 | 1 |
_aSpinella, Mario. _947047 |
|
| 240 | 1 | 0 |
_aSorella H, Libera nos. _lEspañol |
| 245 | 1 | 0 |
_aHermana H, libera nos : _bnovela / _cMario Spinella ; traducción Horacio Armani. |
| 260 |
_aCaracas : _bMonte Avila, _c1968. |
||
| 300 |
_a244 p. ; _c19 cm. |
||
| 534 |
_aTítulo del original en italiano : _tSorella H, Libera nos |
||
| 650 | 4 |
_aNovela italiana _94322 |
|
| 650 | 4 |
_aLiteratura italiana _93329 |
|
| 700 | 1 |
_aArmani, Horacio, _etr. _947048 |
|
| 049 | _aBNGR | ||
| 999 |
_c22386 _d22386 |
||
| 040 | _aDO-SdBNP | ||